[Event "4NCL/Div4/BRJ vs. ATH"]
[Site "Wokefield Park ENG"]
[Date "2008.05.03"]
[Round "9.1"]
[White "Richmond, Peter A"]
[Black "Hopper, Paul"]
[Result "1-0"]
[WhiteElo "2271"]
[BlackElo "2183"]
[PlyCount "65"]
[EventDate "2008.05.03"]
[EventType "team"]
[EventRounds "11"]
[EventCountry "ENG"]
[SourceDate "2007.09.15"]

1. e4 e5 2. Bc4 Nf6 3. d3 Bc5 4. Nf3 d6 5. c3 Bg4 6. h3 Bh5 7. Nbd2 Nc6 8. b4
Bb6 9. a4 a6 10. Nf1 d5 11. exd5 Nxd5 12. g4 Bg6 13. Qb3 Nde7 14. Be3 Bxe3 15.
Nxe3 O-O 16. Rd1 Kh8 17. h4 f6 18. h5 Be8 19. Nh4 Bd7 20. Be6 Bxe6 21. Qxe6 Qd6
22. Qc4 Nd8 23. Nef5 Qc6 24. Ke2 Qxc4 25. dxc4 Nxf5 26. gxf5 Rf7 27. Rh3 Kg8
28. Rhd3 Nc6 29. c5 Re7 30. b5 Na5 31. Rd8+ Re8 32. R8d7 Rac8 33. Rg1 1-0

[Event "4NCL/Div4/BRJ vs. ATH"]
[Site "Wokefield Park ENG"]
[Date "2008.05.03"]
[Round "9.2"]
[White "Quinn, John M"]
[Black "Girdlestone, Paul"]
[Result "1/2-1/2"]
[WhiteElo "2157"]
[BlackElo "2240"]
[PlyCount "38"]
[EventDate "2008.05.03"]
[EventType "team"]
[EventRounds "11"]
[EventCountry "ENG"]
[SourceDate "2007.09.15"]

1. d4 Nf6 2. c4 e6 3. Nc3 Bb4 4. Qc2 c5 5. dxc5 O-O 6. a3 Bxc5 7. Nf3 d5 8. Bg5
dxc4 9. e4 Qc7 10. Bxf6 gxf6 11. Bxc4 a6 12. O-O Nc6 13. Rad1 Ne7 14. Ba2 b5
15. Rd3 Bb7 16. Rfd1 Ng6 17. Qd2 Qf4 18. Qxf4 Nxf4 19. Rd7 Bc6 1/2-1/2

[Event "4NCL/Div4/BRJ vs. ATH"]
[Site "Wokefield Park ENG"]
[Date "2008.05.03"]
[Round "9.3"]
[White "Hall, Daniel J"]
[Black "Pedersen, Carsten"]
[Result "1/2-1/2"]
[WhiteElo "2135"]
[BlackElo "2155"]
[PlyCount "111"]
[EventDate "2008.05.03"]
[EventType "team"]
[EventRounds "11"]
[EventCountry "ENG"]
[SourceDate "2007.09.15"]

1. e4 e6 2. d4 d5 3. Nc3 Bb4 4. e5 Ne7 5. f4 c5 6. Nf3 Nf5 7. a3 Bxc3+ 8. bxc3
Qa5 9. Bd2 c4 10. g4 Ne7 11. h4 h5 12. gxh5 Nbc6 13. Rg1 Nf5 14. Bh3 Nce7 15.
Nh2 Bd7 16. Qg4 O-O-O 17. Nf1 Rdg8 18. Ng3 g6 19. h6 Qa4 20. Kd1 Qa5 21. Qg5
Qd8 22. h7 Rxh7 23. Ke2 Nxg3+ 24. Rxg3 Rgh8 25. Rg4 Rh5 26. Qf6 Rf5 27. Qg7 Rg8
28. Qh7 Rh5 29. Qxf7 Nf5 30. Rxg6 Rxg6 31. Qxg6 Qxh4 32. Bxf5 Rxf5 33. Rg1 Qe7
34. Qg8+ Rf8 35. Rg7 Qxa3 36. Qh7 Bc6 37. Rc7+ Kb8 38. Qe7 Qxe7 39. Rxe7 Rh8
40. Rxe6 Rh2+ 41. Ke3 a5 42. Rg6 Rh1 43. e6 a4 44. e7 Bd7 45. f5 a3 46. f6 Rf1
47. Bc1 a2 48. Bb2 Kc7 49. Ke2 Rf5 50. Rg7 Be8 51. Rg8 Kd7 52. Rf8 Rf4 53. f7
Rxf7 54. Rxf7 Bxf7 55. Kd1 Kxe7 56. Kc1 1/2-1/2

[Event "4NCL/Div4/BRJ vs. ATH"]
[Site "Wokefield Park ENG"]
[Date "2008.05.03"]
[Round "9.4"]
[White "Stevenson, James A B"]
[Black "Cabero, Pablo Padilla"]
[Result "0-1"]
[WhiteElo "2080"]
[BlackElo "2189"]
[PlyCount "72"]
[EventDate "2008.05.03"]
[EventType "team"]
[EventRounds "11"]
[EventCountry "ENG"]
[SourceDate "2007.09.15"]

1. c4 f5 2. g3 Nf6 3. Bg2 e6 4. Nc3 d5 5. e3 c6 6. b3 Bd6 7. Nge2 Na6 8. Bb2
O-O 9. d3 Nc7 10. O-O e5 11. Qd2 Qe7 12. f4 e4 13. d4 b6 14. Rfc1 Ba6 15. Na4
Ne6 16. Bf1 g5 17. Rc2 b5 18. cxb5 cxb5 19. Nc5 gxf4 20. Nxa6 Ng5 21. Bg2 f3
22. h4 Ne6 23. Nc3 Bxg3 24. Bh3 b4 25. Nxb4 Ng4 26. Ncxd5 Qxh4 27. Ne7+ Qxe7
28. d5 Bf2+ 29. Kf1 Qh4 30. Qxf2 Nxf2 31. dxe6 Qxh3+ 32. Kxf2 Qg2+ 33. Ke1 Qg1+
34. Kd2 Rfd8+ 35. Kc3 Qxe3+ 36. Kc4 Qb6 0-1

[Event "4NCL/Div4/BRJ vs. ATH"]
[Site "Wokefield Park ENG"]
[Date "2008.05.03"]
[Round "9.5"]
[White "Bourne, Johnathan"]
[Black "Gruettner, Ralf"]
[Result "1/2-1/2"]
[WhiteElo "2083"]
[BlackElo "2098"]
[PlyCount "35"]
[EventDate "2008.05.03"]
[EventType "team"]
[EventRounds "11"]
[EventCountry "ENG"]
[SourceDate "2007.09.15"]

1. d4 Nf6 2. Bg5 g6 3. Bxf6 exf6 4. g3 d5 5. Bg2 c6 6. e3 Qb6 7. Qc1 Bg7 8. Ne2
Nd7 9. O-O O-O 10. Nd2 f5 11. c4 dxc4 12. Nxc4 Qd8 13. b4 Nb6 14. Nd2 Be6 15.
Nf4 Bd5 16. Nxd5 Nxd5 17. Rb1 Rc8 18. Qb2 1/2-1/2

[Event "4NCL/Div4/BRJ vs. ATH"]
[Site "Wokefield Park ENG"]
[Date "2008.05.03"]
[Round "9.6"]
[White "Kay, Jonathan"]
[Black "Tomboline, David"]
[Result "1/2-1/2"]
[WhiteElo "1965"]
[BlackElo "2027"]
[PlyCount "29"]
[EventDate "2008.05.03"]
[EventType "team"]
[EventRounds "11"]
[EventCountry "ENG"]
[SourceDate "2007.09.15"]

1. e4 e6 2. Nf3 d5 3. exd5 exd5 4. d4 Nc6 5. c3 Bd6 6. Bd3 Bg4 7. Nbd2 Nge7 8.
Qb3 Rb8 9. O-O O-O 10. Ne1 Qd7 11. Qc2 Bf5 12. f4 Rfe8 13. Ndf3 Bxd3 14. Qxd3
Qf5 15. Qxf5 1/2-1/2

[Event "4NCL/Div4/NOTT1 vs. CELT1"]
[Site "Wokefield Park ENG"]
[Date "2008.05.03"]
[Round "9.1"]
[White "Richmond, Robert J"]
[Black "Wippermann, Till"]
[Result "0-1"]
[WhiteElo "2243"]
[BlackElo "2443"]
[PlyCount "78"]
[EventDate "2008.05.03"]
[EventType "team"]
[EventRounds "11"]
[EventCountry "ENG"]
[SourceDate "2007.09.15"]

1. d4 Nf6 2. c4 e6 3. Nc3 Bb4 4. e3 b6 5. Nge2 Ba6 6. a3 Bxc3+ 7. Nxc3 d5 8. b3
Nc6 9. Be2 O-O 10. O-O dxc4 11. Bxc4 Bxc4 12. bxc4 Na5 13. Qa4 Qd7 14. c5 Rfd8
15. Rb1 Nd5 16. Qxd7 Rxd7 17. Na4 Rb8 18. Bb2 Nc4 19. Rfd1 b5 20. e4 bxa4 21.
exd5 exd5 22. Bc3 Rdd8 23. Rb4 a5 24. Rxa4 Rb5 25. Kf1 Re8 26. Re1 Kf8 27.
Rxe8+ Kxe8 28. Ke2 Kd7 29. Kd3 Rb3 30. Kc2 Rb8 31. Kd3 c6 32. Kc2 f5 33. h4 g6
34. g3 Re8 35. Kd3 Re4 36. Rxa5 Nxa5 37. Bxa5 f4 38. Bd2 f3 39. a4 Re2 0-1

[Event "4NCL/Div4/NOTT1 vs. CELT1"]
[Site "Wokefield Park ENG"]
[Date "2008.05.03"]
[Round "9.2"]
[White "Hoffmann, Hendrik"]
[Black "Mercs, Peter J"]
[Result "0-1"]
[WhiteElo "2269"]
[BlackElo "2077"]
[PlyCount "110"]
[EventDate "2008.05.03"]
[EventType "team"]
[EventRounds "11"]
[EventCountry "ENG"]
[SourceDate "2007.09.15"]

1. e4 c5 2. Nf3 d6 3. d4 cxd4 4. Nxd4 Nf6 5. Nc3 Nc6 6. Be3 Ng4 7. Bb5 Nxe3 8.
fxe3 Bd7 9. Bxc6 bxc6 10. O-O e6 11. Qf3 Qf6 12. e5 Qxf3 13. Nxf3 d5 14. Rf2
Be7 15. Raf1 O-O 16. Ne1 {=} Rab8 17. Nd3 c5 18. Nd1 Bb5 19. Re1 c4 20. Nf4 Bd8
21. Ne2 Bc7 22. Nd4 Bxe5 23. Nc3 Bd7 24. Nd1 f5 25. c3 Bf6 26. Ref1 g6 27. Rd2
Rb6 28. g3 Rfb8 29. Kf2 Ba4 30. Nc2 a5 31. Ke1 Kg7 32. Rff2 h5 33. h4 Be5 34.
Rg2 Bf6 35. Rgf2 Bc6 36. Nd4 Bd7 37. Nc2 Rd6 38. Na3 Rc8 39. Rf4 Be5 40. Rf3
Ba4 41. Nf2 Rb6 42. Nh3 Rcb8 43. Ng5 Rxb2 44. Nxe6+ Kg8 45. Rxd5 Bxc3+ 46. Kf1
Bc6 47. e4 Bxd5 48. exd5 Bb4 49. Nxc4 Rxa2 50. Rd3 Rc8 51. Ne3 Rc1+ 52. Nd1 Rh2
53. Ng5 Rh1+ 54. Kf2 Rhxd1 55. Re3 Bc5 0-1

[Event "4NCL/Div4/NOTT1 vs. CELT1"]
[Site "Wokefield Park ENG"]
[Date "2008.05.03"]
[Round "9.3"]
[White "Walker, Andrew N"]
[Black "Kemp, Peter D"]
[Result "0-1"]
[WhiteElo "2040"]
[BlackElo "2178"]
[PlyCount "54"]
[EventDate "2008.05.03"]
[EventType "team"]
[EventRounds "11"]
[EventCountry "ENG"]
[SourceDate "2007.09.15"]

1. e4 e5 2. Nc3 Nf6 3. f4 d5 4. fxe5 Nxe4 5. d3 Nxc3 6. bxc3 Be7 7. Nf3 c5 8.
Be2 Nc6 9. O-O O-O 10. Qe1 f5 11. Qg3 Qe8 12. d4 c4 13. Nh4 Kh8 14. Bg5 h6 15.
Bd2 g5 16. Nf3 Qg6 17. h4 f4 18. Qh2 g4 19. Bxf4 gxf3 20. Bxf3 Be6 21. Rab1 b6
22. Rb5 Rad8 23. g3 Rxf4 24. Qg2 Rff8 25. Bxd5 Rxf1+ 26. Kxf1 Rxd5 27. Rxd5
Qf7+ 0-1

[Event "4NCL/Div4/NOTT1 vs. CELT1"]
[Site "Wokefield Park ENG"]
[Date "2008.05.03"]
[Round "9.5"]
[White "Kingston, Ian"]
[Black "French, Angus"]
[Result "1/2-1/2"]
[WhiteElo "2025"]
[BlackElo "2127"]
[PlyCount "95"]
[EventDate "2008.05.03"]
[EventType "team"]
[EventRounds "11"]
[EventCountry "ENG"]
[SourceDate "2007.09.15"]

1. e4 Nf6 2. e5 Nd5 3. d4 d6 4. Nf3 Bg4 5. exd6 cxd6 6. Be2 g6 7. O-O Bg7 8. h3
Bf5 9. c4 Nb6 10. Be3 O-O 11. Qd2 d5 12. c5 Nc4 13. Bxc4 dxc4 14. Na3 Bd3 15.
Rfc1 Qd5 16. Qc3 Be4 17. Ne1 Nc6 18. f3 Nxd4 19. fxe4 Ne2+ 20. Kf2 Nxc3 21.
exd5 Nxd5 22. Nxc4 Nxe3 23. Kxe3 Bh6+ 24. Ke2 Bxc1 25. Rxc1 e5 26. b4 f5 27.
Nxe5 Rfe8 28. N1d3 Rad8 29. Kf3 Rd5 30. c6 bxc6 31. Rxc6 Rdxe5 32. Nxe5 Rxe5
33. Rc8+ Kf7 {=} 34. Rc7+ Re7 35. Rxe7+ Kxe7 36. Kf4 Kf6 37. a4 g5+ 38. Ke3 Ke5
39. b5 Kd5 40. a5 Kc5 41. b6 axb6 42. axb6 Kxb6 43. Kd4 g4 44. hxg4 fxg4 45. g3
Kc6 46. Ke5 Kd7 47. Kf5 Ke7 48. Kxg4 1/2-1/2

[Event "4NCL/Div4/BCA vs. PONTY"]
[Site "Wokefield Park ENG"]
[Date "2008.05.03"]
[Round "9.1"]
[White "Crouch, Colin"]
[Black "Sully, David"]
[Result "1/2-1/2"]
[WhiteElo "2357"]
[BlackElo "2110"]
[PlyCount "95"]
[EventDate "2008.05.03"]
[EventType "team"]
[EventRounds "11"]
[EventCountry "ENG"]
[SourceDate "2007.09.15"]

1. d4 e6 2. Nf3 c5 3. e4 cxd4 4. Nxd4 Nc6 5. Nc3 Qc7 6. g3 a6 7. Bg2 Nf6 8. O-O
Be7 9. Re1 d6 10. Nxc6 bxc6 11. b3 O-O 12. Bb2 e5 13. Qd2 Be6 14. Nd1 Nd7 15.
Ne3 f6 16. Rad1 Rfd8 17. c4 a5 18. Nf5 Bxf5 19. exf5 Nc5 20. Qe3 Rab8 21. Ba3
Na6 22. Qf3 Rdc8 23. Re2 Nb4 24. Red2 Qa7 25. Qe3 Qxe3 26. fxe3 Kf7 27. Bf3 Rc7
28. Kg2 g6 29. fxg6+ hxg6 30. g4 f5 31. Rf1 Ke6 32. Kh1 e4 {=} 33. Bxb4 axb4
34. Bg2 Bg5 35. gxf5+ gxf5 36. Rdf2 Bxe3 37. Rxf5 Bd4 38. Bxe4 Ra8 39. Bb1 c5
40. Be4 Re8 41. h4 Rg7 42. Rg5 Rxg5 43. hxg5 Rh8+ 44. Kg2 Rh5 45. g6 Rg5+ 46.
Kh3 Bf6 47. Bd5+ Ke5 48. Bf7 1/2-1/2

[Event "4NCL/Div4/BCA vs. PONTY"]
[Site "Wokefield Park ENG"]
[Date "2008.05.03"]
[Round "9.2"]
[White "Adams, Mark A"]
[Black "Mordue, A Tyson"]
[Result "1-0"]
[WhiteElo "2019"]
[BlackElo "2302"]
[PlyCount "63"]
[EventDate "2008.05.03"]
[EventType "team"]
[EventRounds "11"]
[EventCountry "ENG"]
[SourceDate "2007.09.15"]

1. e4 c5 2. Nf3 d6 3. d4 cxd4 4. Nxd4 Nf6 5. Nc3 a6 6. Be2 e6 7. Be3 Be7 8. O-O
O-O 9. f4 Qc7 10. g4 d5 11. exd5 Nxd5 12. Nxd5 exd5 13. Bd3 Nd7 14. Qf3 Bc5 15.
c3 Nf6 16. f5 Re8 17. g5 Ne4 18. Rae1 b5 19. Kh1 Rf8 20. Qh5 g6 21. Qh6 Re8 22.
Rf3 Bf8 23. Qh4 Qe7 24. Ref1 h5 25. fxg6 fxg6 26. Nc6 Qc7 27. Bxe4 Qxc6 28. Rf6
Qc4 29. Rxg6+ Bg7 30. Rxg7+ Kxg7 31. Bd4+ Kg8 32. Bh7+ 1-0

[Event "4NCL/Div4/BCA vs. PONTY"]
[Site "Wokefield Park ENG"]
[Date "2008.05.03"]
[Round "9.3"]
[White "Ross, Chris"]
[Black "Gilbert, Jonathan A"]
[Result "1-0"]
[WhiteElo "2141"]
[BlackElo "2075"]
[PlyCount "69"]
[EventDate "2008.05.03"]
[EventType "team"]
[EventRounds "11"]
[EventCountry "ENG"]
[SourceDate "2007.09.15"]

1. d4 d5 2. Nf3 Nf6 3. c4 c6 4. e3 Bf5 5. cxd5 cxd5 6. Qb3 Qc7 7. Nc3 e6 8. Bd2
Nc6 9. Rc1 Be7 10. Nh4 Bg6 11. Be2 Rd8 12. g3 Ne4 13. Nxe4 Bxe4 14. f3 Bg6 15.
Nxg6 hxg6 16. f4 g5 17. fxg5 Bxg5 18. O-O O-O 19. Bb5 Rc8 {=} 20. Bb4 Rfe8 21.
Kg2 Qb6 22. Bc5 Qa5 23. Rc3 b6 24. Ba3 Nxd4 25. exd4 Rxc3 26. bxc3 Rc8 27. Bb2
a6 28. Bd3 b5 29. Rf2 Qc7 30. Qd1 g6 31. Qg4 Qd8 32. h4 Bh6 33. Bxg6 fxg6 34.
Qxg6+ Bg7 35. Rf7 {time} 1-0

[Event "4NCL/Div4/BCA vs. PONTY"]
[Site "Wokefield Park ENG"]
[Date "2008.05.03"]
[Round "9.4"]
[White "Davis, Lee"]
[Black "Lilley, Graham"]
[Result "1/2-1/2"]
[WhiteElo "2068"]
[BlackElo "2129"]
[PlyCount "62"]
[EventDate "2008.05.03"]
[EventType "team"]
[EventRounds "11"]
[EventCountry "ENG"]
[SourceDate "2007.09.15"]

1. d4 Nf6 2. g3 g6 3. Bg2 Bg7 4. Nf3 O-O 5. O-O d6 6. c4 Nc6 7. Nc3 Bg4 8. h3
Bxf3 9. exf3 Nd7 10. Be3 e5 11. dxe5 Ncxe5 12. Qe2 Nb6 13. c5 dxc5 14. Bxc5 Re8
15. Rad1 Qc8 16. Qc2 Qf5 17. Qxf5 gxf5 18. f4 Nec4 19. Bxb7 Nxb2 20. Bxa8 Nxd1
21. Rxd1 Bxc3 22. Bf3 Kg7 {=} 23. Kg2 Bf6 24. Rd3 Rd8 25. Ra3 Nc8 26. Bxa7 Nxa7
27. Rxa7 Rd2 28. Rxc7 Bd4 29. Bd5 Rxf2+ 30. Kh1 Rf1+ 31. Kg2 Rf2+ 1/2-1/2

[Event "4NCL/Div4/BCA vs. PONTY"]
[Site "Wokefield Park ENG"]
[Date "2008.05.03"]
[Round "9.5"]
[White "Cole, Tristram C"]
[Black "Waterfield, John"]
[Result "0-1"]
[WhiteElo "1985"]
[BlackElo "2023"]
[PlyCount "88"]
[EventDate "2008.05.03"]
[EventType "team"]
[EventRounds "11"]
[EventCountry "ENG"]
[SourceDate "2007.09.15"]

1. e4 g6 2. d4 Bg7 3. Nc3 d6 4. Be3 a6 5. a4 b6 6. Qd2 Nd7 7. Nf3 e6 8. Be2 Bb7
9. Rd1 Ne7 10. Bh6 Bxh6 11. Qxh6 Ng8 12. Qe3 Qe7 13. O-O Ngf6 14. Rfe1 O-O 15.
Qg5 Rfe8 16. Bd3 e5 17. Bc4 c6 18. Bb3 c5 19. dxe5 Nxe5 20. Nh4 Kh8 21. f4 Nc6
22. f5 Nd4 23. fxg6 fxg6 24. Ba2 Qg7 {=} 25. Rd3 Re5 26. Qg3 Rae8 27. Qh3 Nxe4
28. Rf1 Bc8 29. g4 Bxg4 30. Qxg4 Rg5 31. Qxg5 Nxg5 32. Rg3 h6 33. Kh1 Kh7 34.
Nd5 Rf8 35. Re1 Rf7 36. Rge3 Ngf3 37. Nxf3 Nxf3 38. Rf1 Ne5 39. Rg1 Rf3 40. Re2
g5 41. Nxb6 Qb7 42. a5 Rd3+ 43. Reg2 Rd2 44. h3 Qe4 0-1

[Event "4NCL/Div4/BCA vs. PONTY"]
[Site "Wokefield Park ENG"]
[Date "2008.05.03"]
[Round "9.6"]
[White "Gilbert, Colin"]
[Black "Burnell, Steve"]
[Result "1/2-1/2"]
[WhiteElo "1867"]
[BlackElo "1935"]
[PlyCount "35"]
[EventDate "2008.05.03"]
[EventType "team"]
[EventRounds "11"]
[EventCountry "ENG"]
[SourceDate "2007.09.15"]

1. d4 d5 2. g3 Nf6 3. Bg2 Bf5 4. Nf3 e6 5. O-O Bd6 6. Nh4 Bg6 7. Bg5 Nbd7 8.
Nd2 c6 9. Re1 Qc7 10. c4 dxc4 11. Nxg6 hxg6 12. Nxc4 Bb4 13. Bd2 Bxd2 14. Qxd2
O-O 15. Rad1 Rfd8 16. Qg5 Nf8 17. e4 Qe7 18. Qc1 1/2-1/2

[Event "4NCL/Div4/AMCAD vs. MET"]
[Site "Wokefield Park ENG"]
[Date "2008.05.03"]
[Round "9.1"]
[White "Bonafont, Philip"]
[Black "Dickson, George"]
[Result "1-0"]
[WhiteElo "2123"]
[BlackElo "2137"]
[PlyCount "89"]
[EventDate "2008.05.03"]
[EventType "team"]
[EventRounds "11"]
[EventCountry "ENG"]
[SourceDate "2007.09.15"]

1. d4 Nf6 2. Nf3 g6 3. c4 Bg7 4. Nc3 d5 5. Bg5 c6 6. e3 O-O 7. Qb3 dxc4 8. Bxc4
b5 9. Be2 Be6 10. Qc2 b4 11. Na4 Nbd7 12. O-O Qa5 13. Rfc1 Bd5 14. Bh4 Be4 15.
Qb3 Bd5 16. Bc4 Bxf3 17. gxf3 e5 18. dxe5 Nxe5 19. Be2 Qd5 20. Qxd5 Nxd5 21. f4
Nd7 22. Rxc6 Rac8 23. Rac1 Nc3 24. Rxc8 Nxe2+ 25. Kf1 Nxc1 26. Rxc1 Nb6 27.
Nxb6 axb6 28. b3 Bc3 29. a4 b5 30. axb5 Rb8 31. Rd1 Rxb5 32. Rd8+ Kg7 33. Be7
f5 34. Ke2 Kf7 35. Bh4 Ra5 36. Kd3 Ra2 37. Rd7+ Kg8 38. Kc4 Rc2 39. Kd5 h6 40.
Ke6 g5 41. fxg5 hxg5 42. Bxg5 Rxf2 43. h4 Bd2 44. Bf6 Re2 45. Rd8+ 1-0

[Event "4NCL/Div4/AMCAD vs. MET"]
[Site "Wokefield Park ENG"]
[Date "2008.05.03"]
[Round "9.2"]
[White "Djabri, Zafer M"]
[Black "Purdon, Colin"]
[Result "1-0"]
[WhiteElo "2087"]
[BlackElo "2093"]
[PlyCount "101"]
[EventDate "2008.05.03"]
[EventType "team"]
[EventRounds "11"]
[EventCountry "ENG"]
[SourceDate "2007.09.15"]

1. c4 c6 2. e4 d5 3. exd5 Nf6 4. Nf3 cxd5 5. d4 g6 6. Nc3 Bg7 7. cxd5 Nxd5 8.
Bc4 Nb6 9. Bb3 O-O 10. O-O Bg4 11. Be3 Nc6 12. h3 Bxf3 13. Qxf3 Na5 14. Rfd1
Rc8 15. Na4 Nxb3 16. axb3 Nd5 17. Nc5 b6 18. Nd3 a5 19. Rac1 Qd6 20. Rc4 b5 21.
Rc5 Nxe3 22. fxe3 Rxc5 23. Nxc5 e6 24. Ra1 e5 25. Ne4 Qb6 26. d5 h6 27. Rd1 f5
28. Nc3 b4 29. Na4 Qd6 30. Rc1 e4 31. Qd1 Rd8 32. Rc5 Qg3 33. Qd2 Be5 34. Qf2
Qg5 35. Nb6 f4 36. Nc4 fxe3 37. Qe2 Rf8 38. Nxe5 Qxe5 39. Qxe3 Rd8 40. Rc6 Rxd5
41. Rc8+ Kg7 42. Qa7+ Kf6 43. Rf8+ Kg5 44. Qe3+ Kh5 45. g4+ Kh4 46. Qxh6+ Kg3
47. Qe3+ Kh4 48. Kg2 Qg7 49. Qg3+ Kg5 50. Qf4+ Kh4 51. g5+ 1-0

[Event "4NCL/Div4/AMCAD vs. MET"]
[Site "Wokefield Park ENG"]
[Date "2008.05.03"]
[Round "9.3"]
[White "Norman, Kenneth I"]
[Black "Calvert, D Ian"]
[Result "1/2-1/2"]
[WhiteElo "2145"]
[BlackElo "2052"]
[PlyCount "119"]
[EventDate "2008.05.03"]
[EventType "team"]
[EventRounds "11"]
[EventCountry "ENG"]
[SourceDate "2007.09.15"]

1. g3 Nf6 2. Bg2 d5 3. d4 g6 4. Nf3 Bg7 5. c4 c6 6. cxd5 cxd5 7. Ne5 O-O 8. Nc3
Nc6 9. Nxc6 bxc6 10. Bf4 Bf5 11. O-O Ne4 12. Na4 f6 13. Rc1 e5 14. Be3 exd4 15.
Bxd4 Bd7 16. Nc5 Nxc5 17. Rxc5 f5 18. Bxg7 Kxg7 19. Qd4+ Qf6 20. Rd1 Rab8 21.
b3 Qxd4 22. Rxd4 Rb7 23. e3 Be8 24. Ra4 Rff7 25. Kf1 Kf6 26. Ra6 Rb6 27. Rca5
Rxa6 28. Rxa6 Ke5 29. Ke2 Kd6 30. Kd3 Rb7 31. Kc3 Kc7 32. b4 Kb8 33. Ra5 Re7
34. Kd4 g5 35. a3 f4 36. gxf4 gxf4 37. e4 dxe4 38. Bxe4 Rd7+ 39. Ke5 Rd2 40.
Kxf4 Rxf2+ 41. Kg3 Rf7 42. Re5 Rg7+ 43. Kf4 Bg6 44. Bxc6 Rf7+ 45. Ke3 Kc7 46.
Be4 Kd6 47. Rd5+ Ke6 48. Ra5 Rc7 49. Ra6+ Kf7 50. Bxg6+ hxg6 51. Kf4 Re7 52. b5
Kg7 53. a4 Kh6 54. h3 Kh5 55. Rd6 g5+ 56. Kf3 Rf7+ 57. Kg2 Rc7 58. Re6 Rd7 59.
Ra6 g4 60. hxg4+ 1/2-1/2

[Event "4NCL/Div4/AMCAD vs. MET"]
[Site "Wokefield Park ENG"]
[Date "2008.05.03"]
[Round "9.4"]
[White "Vachtfeidl, Petr"]
[Black "McCullough, Simon L"]
[Result "1-0"]
[WhiteElo "2006"]
[BlackElo "1976"]
[PlyCount "69"]
[EventDate "2008.05.03"]
[EventType "team"]
[EventRounds "11"]
[EventCountry "ENG"]
[SourceDate "2007.09.15"]

1. e4 c5 2. Nf3 e6 3. Nc3 Nc6 4. d4 cxd4 5. Nxd4 Nf6 6. Ndb5 d6 7. Bf4 e5 8.
Bg5 a6 9. Na3 b5 10. Bxf6 gxf6 11. Nd5 f5 12. c3 fxe4 13. Bxb5 Bd7 14. Be2 Ra7
15. O-O Qg5 16. Ne3 Be7 17. Nac4 O-O 18. Nxd6 f5 19. Qd5+ Kg7 20. Kh1 Rf6 21.
Nec4 Qg6 22. Rad1 Rc7 23. g3 Be6 24. Qd2 Rd7 25. Qe3 Bg8 26. Nc8 Rxd1 27. Rxd1
Be6 28. Nxe7 Nxe7 29. Nxe5 Qh6 30. Qxh6+ Kxh6 31. Bc4 Bxc4 32. Nxc4 Kg5 33. Rd7
Re6 34. Kg2 f4 35. Rd6 1-0

[Event "4NCL/Div4/AMCAD vs. MET"]
[Site "Wokefield Park ENG"]
[Date "2008.05.03"]
[Round "9.5"]
[White "Duvall, Ian"]
[Black "Djabri, Katherine"]
[Result "1/2-1/2"]
[WhiteElo "2045"]
[BlackElo "2035"]
[PlyCount "68"]
[EventDate "2008.05.03"]
[EventType "team"]
[EventRounds "11"]
[EventCountry "ENG"]
[SourceDate "2007.09.15"]

1. d4 Nf6 2. Nf3 g6 3. c4 Bg7 4. Nc3 d6 5. e4 O-O 6. Be2 Nc6 7. O-O e5 8. d5
Ne7 9. b4 Ne8 10. c5 h6 11. Nd2 f5 12. f3 f4 13. Nc4 g5 14. Ba3 Rf6 15. Rc1 h5
16. Qb3 g4 17. Nxe5 Rh6 18. Nc4 Ng6 19. Rfd1 Qh4 20. Bf1 Qg5 21. e5 Nxe5 22.
Ne4 Qg6 23. cxd6 cxd6 24. Nxe5 Bxe5 25. Kh1 Bf5 26. Bd3 Rh7 27. Nf2 g3 28. Bxf5
Qxf5 29. Qd3 Qf7 30. Ne4 Rg7 31. h3 Rd8 32. Rd2 Nc7 33. Bb2 Bxb2 34. Rxb2 Kf8
1/2-1/2

[Event "4NCL/Div4/AMCAD vs. MET"]
[Site "Wokefield Park ENG"]
[Date "2008.05.03"]
[Round "9.6"]
[White "Cooke, Charlie"]
[Black "Staples, Daniel J"]
[Result "1/2-1/2"]
[WhiteElo "1845"]
[BlackElo "2050"]
[PlyCount "178"]
[EventDate "2008.05.03"]
[EventType "team"]
[EventRounds "11"]
[EventCountry "ENG"]
[SourceDate "2007.09.15"]

1. d4 Nf6 2. c4 e6 3. Nc3 Bb4 4. Qc2 d5 5. e3 c5 6. Nf3 Qa5 7. Bd2 Nc6 8. a3
cxd4 9. exd4 Bd7 10. Rc1 Bxc3 11. Bxc3 Qc7 12. Bd3 dxc4 13. Bxc4 Qf4 14. O-O
Ne4 15. Rfe1 Nxc3 16. Qxc3 O-O 17. d5 exd5 18. Bxd5 Rae8 19. Rxe8 Rxe8 20. Re1
Rxe1+ 21. Qxe1 Qf5 22. Be4 Qf6 23. Qd2 Qe7 24. Qd3 h6 25. h3 Be8 26. Bd5 Ne5
27. Nxe5 Qxe5 28. Qe4 Qxe4 29. Bxe4 b6 30. f4 Kf8 31. Kf2 Ke7 32. Ke3 Kd6 33.
Kd4 Bb5 34. h4 Bf1 35. Bf3 a5 36. b4 Bb5 37. Bd5 f6 38. Bf3 Bd7 39. g3 Be6 40.
Bg2 Bd7 41. Bf3 Bb5 42. Bg4 Bc6 43. Be2 Bd5 44. Ke3 Bc6 45. Kd4 g5 46. hxg5
hxg5 47. Bg4 Bd5 48. Bf5 Bf3 49. Bc8 Bd5 50. Bf5 Bf3 51. Bc8 Kc6 52. Ba6 Kd6
53. Bc8 Kc6 54. Ba6 gxf4 55. gxf4 Kd6 56. Bc8 Bd5 57. Bf5 Kc6 58. Bd7+ Kd6 59.
Bf5 Bb7 60. Bg4 Bd5 61. Bc8 Bf3 62. Ba6 Kc6 63. Bd3 axb4 64. axb4 Kd6 65. Bc4
Bc6 66. Bf7 Bf3 67. Bc4 Bc6 68. Bf7 Bf3 69. Bc4 Bg4 70. Bf7 Bf3 71. Bc4 Kc6 72.
Bd3 Bg4 73. Bc4 Kd6 74. Bf7 Be6 75. Be8 Bb3 76. Bh5 Ke6 77. Bg6 Bd1 78. Be4 Bg4
79. Bg6 Bf5 80. Be8 Bg4 81. Bg6 Bf5 82. Be8 Bc2 83. Bh5 Kf5 84. Ke3 Bb3 85. Bf3
Bc2 86. Bd5 Bd1 87. Be4+ Kg4 88. Bg6 Bb3 89. Be4 Bc4 1/2-1/2

[Event "4NCL/Div4/OXF2 vs. KJCAK"]
[Site "Wokefield Park ENG"]
[Date "2008.05.03"]
[Round "9.1"]
[White "Rawlinson, Aidan"]
[Black "Jones, William"]
[Result "1-0"]
[WhiteElo "2233"]
[BlackElo "2007"]
[PlyCount "77"]
[EventDate "2008.05.03"]
[EventType "team"]
[EventRounds "11"]
[EventCountry "ENG"]
[SourceDate "2007.09.15"]

1. e4 c5 2. Nf3 d6 3. d4 cxd4 4. Nxd4 Nf6 5. Nc3 a6 6. f3 e5 7. Nb3 Be6 8. Be3
Be7 9. Qd2 O-O 10. O-O-O Nbd7 11. g4 b5 12. g5 b4 13. Ne2 Ne8 14. Kb1 a5 15. h4
a4 16. Nbc1 Qb8 17. h5 Nc7 18. g6 b3 19. gxh7+ Kxh7 20. Ng3 bxa2+ 21. Ka1 Qb7
22. Bh3 Rfb8 23. c3 a3 24. b4 d5 {=} 25. Bxe6 fxe6 26. Nxa2 Nb6 27. exd5 Ncxd5
28. Qd3+ Kg8 29. h6 Nxe3 30. hxg7 Kf7 31. Rh6 e4 32. Qxe3 Nd5 33. Qxe4 Bf6 34.
Qg6+ Ke7 35. Ne4 Qb5 36. Nxf6 Qe2 37. Nxd5+ exd5 38. Qd6+ Kf7 39. Qf6+ 1-0

[Event "4NCL/Div4/OXF2 vs. KJCAK"]
[Site "Wokefield Park ENG"]
[Date "2008.05.03"]
[Round "9.2"]
[White "Jones, Victor"]
[Black "Starkie, Ray"]
[Result "1-0"]
[WhiteElo "1978"]
[BlackElo "2140"]
[PlyCount "135"]
[EventDate "2008.05.03"]
[EventType "team"]
[EventRounds "11"]
[EventCountry "ENG"]
[SourceDate "2007.09.15"]

1. e4 c5 2. Nf3 g6 3. d4 cxd4 4. Nxd4 Nc6 5. c4 Nf6 6. Nc3 d6 7. Nc2 Bg7 8. Be2
Nd7 9. O-O a5 10. Be3 O-O 11. f4 Nc5 12. Bf3 Be6 13. Qe2 Rc8 14. Rfd1 Nb4 15.
Nd4 Bd7 16. a3 Nba6 17. Rab1 a4 18. Ndb5 Qa5 19. Nd5 Rfe8 20. f5 Bxb5 21. cxb5
Nc7 22. Nc3 Nb3 23. e5 Rb8 24. b6 Na8 25. e6 fxe6 26. fxg6 Nxb6 27. Bg4 Nc5 28.
Kh1 Nbd7 29. Bxc5 Nxc5 30. Bxe6+ Nxe6 31. Qxe6+ Kh8 32. Rd5 Qb6 33. Rh5 h6 34.
Nd5 Qf2 35. h3 Rbc8 36. Qf7 Qxf7 37. gxf7 Red8 38. Nxe7 Rc7 39. Nf5 Rxf7 40.
Nxh6 Bxh6 41. Rxh6+ Kg7 42. Rh4 b5 43. Rb4 Rf5 44. b3 axb3 45. R4xb3 Ra8 46.
Rd1 Ra6 47. Rdb1 Kf6 48. Kh2 Ke6 49. g4 Rf2+ 50. Kg3 Ra2 51. Re3+ Kd7 52. Rbb3
d5 53. h4 Kd6 54. g5 d4 55. Red3 Kc5 56. h5 Ra1 57. g6 Rh1 58. Kg4 Re6 59. g7
Re8 60. Kg5 Re5+ 61. Kf6 Rhxh5 62. g8=Q Rhf5+ 63. Kg7 Rg5+ 64. Kf8 Rgf5+ 65.
Qf7 Rxf7+ 66. Kxf7 Kc4 67. Kf6 Re1 68. Rf3 1-0